[Event "DEN-ch"]
[Site "Denmark"]
[Date "1992.??.??"]
[Round "8"]
[White "Mortensen, Erling"]
[Black "Rasmussen, Karsten"]
[Result "1/2-1/2"]
[WhiteElo "2420"]
[BlackElo "2450"]
[PlyCount "122"]
[EventDate "1992.04.??"]
[EventType "tourn"]
[EventRounds "9"]
[EventCountry "DEN"]
[EventCategory "8"]
[Source "ChessBase"]
[SourceDate "1994.03.01"]

1. e4 c6 2. d4 d5 3. e5 Bf5 4. Nf3 e6 5. Be2 Nd7 6. O-O Ne7 7. Nbd2 h6 8. Re1
Bh7 9. c3 Nf5 10. Nf1 Be7 11. g3 O-O 12. a3 a5 13. Bd2 a4 14. Bd3 c5 15. Qb1
Kh8 16. h4 cxd4 17. cxd4 Qb6 18. Bc3 f6 19. exf6 Bxf6 20. Re2 Rae8 21. Qc2 Rc8
22. Rae1 Nxd4 23. Nxd4 Bxd4 24. Rxe6 Bxf2+ 25. Kh1 Bxe1 26. Rxb6 Rxf1+ 27. Kg2
Rf2+ 28. Qxf2 Bxf2 29. Rxh6 d4 30. Rxh7+ Kg8 31. Bb4 Nf6 32. Rxg7+ Kxg7 33.
Kxf2 Ng4+ 34. Kg2 Ne5 35. Bf5 Rc1 36. Kf2 Kf6 37. Be4 d3 38. Bc3 Rc2+ 39. Ke3
Re2+ 40. Kd4 d2 41. Bc2 Re1 42. Bxd2 Nf3+ 43. Kc3 Nxd2 44. Kxd2 Rg1 45. Bxa4
Rxg3 46. Bd1 Ke5 47. Be2 Kd4 48. h5 Rg2 49. a4 Kc5 50. Ke3 b6 51. b3 Rh2 52.
Bd1 Rh4 53. Kf2 Rd4 54. Be2 Kb4 55. Ke3 Rh4 56. Bd1 Kc3 57. Kf2 Rd4 58. Be2
Kxb3 59. Bb5 Rd5 60. Be8 Re5 61. Bg6 Rxh5 1/2-1/2

[Event "DEN-ch"]
[Site "Denmark"]
[Date "1992.??.??"]
[Round "4"]
[White "Mortensen, Erling"]
[Black "Hansen, Lars Bo"]
[Result "0-1"]
[WhiteElo "2420"]
[BlackElo "2530"]
[PlyCount "76"]
[EventDate "1992.04.??"]
[EventType "tourn"]
[EventRounds "9"]
[EventCountry "DEN"]
[EventCategory "8"]
[Source "ChessBase"]
[SourceDate "1994.03.01"]

1. e4 e6 2. d4 d5 3. Nc3 Bb4 4. e5 c5 5. a3 Bxc3+ 6. bxc3 Ne7 7. h4 Qc7 8. Nf3
b6 9. h5 h6 10. Bd3 Ba6 11. O-O Bxd3 12. cxd3 Nbc6 13. a4 O-O 14. Ba3 cxd4 15.
cxd4 Rac8 16. Rc1 Qd7 17. Qb3 Qb7 18. Qb2 Rfe8 19. Rc2 Qa6 20. Qb5 Qxb5 21.
axb5 Nxe5 22. Rxc8 Nxf3+ 23. gxf3 Nxc8 24. Rc1 Ne7 25. Bxe7 Rxe7 26. Kg2 g6 27.
hxg6 fxg6 28. Kg3 Kg7 29. Rc6 Kf6 30. f4 Re8 31. Kf3 Ra8 32. Ke3 h5 33. Rc7 Rh8
34. Kf3 h4 35. Kg2 h3+ 36. Kh2 Rh4 37. Rxa7 Rxf4 38. Kxh3 Rxf2 0-1

[Event "DEN-ch"]
[Site "Denmark"]
[Date "1992.??.??"]
[Round "3"]
[White "Mortensen, Erling"]
[Black "Schandorff, Lars"]
[Result "0-1"]
[WhiteElo "2420"]
[BlackElo "2435"]
[PlyCount "134"]
[EventDate "1992.04.??"]
[EventType "tourn"]
[EventRounds "9"]
[EventCountry "DEN"]
[EventCategory "8"]
[Source "ChessBase"]
[SourceDate "1994.03.01"]

1. e4 e5 2. Nf3 Nc6 3. Bb5 a6 4. Ba4 Nf6 5. O-O Be7 6. Re1 b5 7. Bb3 d6 8. c3
O-O 9. h3 Be6 10. d3 Qd7 11. Bc2 d5 12. Nbd2 dxe4 13. dxe4 Ne8 14. a4 Nd6 15.
Nf1 f6 16. Ne3 Rfd8 17. Qe2 Bf8 18. Rd1 Ne7 19. h4 Qe8 20. Nd2 Qf7 21. h5 Kh8
22. Qf3 Nb7 23. Ndf1 Rxd1 24. Qxd1 Rd8 25. Qe2 Nd6 26. axb5 axb5 27. Ng3 Qe8
28. Nef5 Nexf5 29. exf5 Bc4 30. Qf3 Qf7 31. Ne4 Bd5 32. Nxd6 cxd6 33. Qg4 Ra8
34. Rxa8 Bxa8 35. Be3 h6 36. Qd1 Bc6 37. f3 Qxh5 38. Qa1 Qf7 39. Qa6 Qb7 40.
Qa2 Qa8 41. Qxa8 Bxa8 42. Kf2 Bc6 43. Ke2 Kg8 44. Bd3 d5 45. Kd2 Kf7 46. b3 e4
47. Be2 g6 48. fxg6+ Kxg6 49. f4 b4 50. g3 Be7 51. Bd4 Bd6 52. c4 dxc4 53. Bxc4
h5 54. Ke3 h4 55. Kf2 Be8 56. Be3 hxg3+ 57. Kxg3 Bf7 58. Bxf7+ Kxf7 59. Kg4 Ke6
60. f5+ Kd5 61. Bb6 Bc5 62. Bd8 Ke5 63. Bc7+ Kd4 64. Bd8 Kd3 65. Bxf6 e3 66.
Bh4 Kd2 67. Bg5 Kd1 0-1

[Event "DEN-ch"]
[Site "Denmark"]
[Date "1992.??.??"]
[Round "6"]
[White "Mortensen, Erling"]
[Black "Danielsen, Henrik"]
[Result "1-0"]
[WhiteElo "2420"]
[BlackElo "2415"]
[PlyCount "80"]
[EventDate "1992.04.??"]
[EventType "tourn"]
[EventRounds "9"]
[EventCountry "DEN"]
[EventCategory "8"]
[Source "ChessBase"]
[SourceDate "1994.03.01"]

1. e4 c6 2. d4 d5 3. e5 Bf5 4. Nf3 e6 5. Be2 Nd7 6. O-O Bg4 7. Nbd2 Ne7 8. c3
c5 9. dxc5 Nxc5 10. b4 Nd7 11. c4 Ng6 12. cxd5 exd5 13. Nd4 Bxe2 14. Qxe2 Bxb4
15. e6 O-O 16. exd7 Bc3 17. N2b3 Bxa1 18. Nxa1 Qxd7 19. Nab3 b6 20. Qh5 Rfe8
21. Nf5 Re5 22. Nbd4 Rae8 23. Be3 f6 24. Qg4 Kh8 25. h4 Nf8 26. h5 Rc8 27. Qf3
b5 28. h6 g6 29. Ng3 f5 30. Nb3 Ne6 31. Ne2 Re4 32. Rd1 Kg8 33. Ned4 f4 34.
Nxe6 Qxe6 35. Nc5 Rxc5 36. Bxc5 g5 37. Qd3 Re1+ 38. Rxe1 Qxe1+ 39. Kh2 Qe6 40.
Kg1 g4 1-0

[Event "DEN-ch"]
[Site "Denmark"]
[Date "1992.??.??"]
[Round "8"]
[White "Nielsen, Peter Heine"]
[Black "Danielsen, Henrik"]
[Result "1-0"]
[WhiteElo "2405"]
[BlackElo "2415"]
[PlyCount "101"]
[EventDate "1992.04.??"]
[EventType "tourn"]
[EventRounds "9"]
[EventCountry "DEN"]
[EventCategory "8"]
[Source "ChessBase"]
[SourceDate "1994.03.01"]

1. e4 c6 2. d4 d5 3. Nc3 dxe4 4. Nxe4 Bf5 5. Ng3 Bg6 6. h4 h6 7. Nf3 Nd7 8. h5
Bh7 9. Bd3 Bxd3 10. Qxd3 e6 11. Bd2 Ngf6 12. O-O-O Qc7 13. Qe2 c5 14. c4 cxd4
15. Nxd4 Bc5 16. Bc3 O-O 17. Kb1 Rfd8 18. Ne4 Qf4 19. Nxc5 Nxc5 20. Nb3 Qf5+
21. Qc2 Nfe4 22. Bd4 Nxb3 23. axb3 e5 24. Be3 Rxd1+ 25. Rxd1 Qxh5 26. Bxa7 Qg6
27. f3 Qa6 28. Qxe4 Qxa7 29. Qxe5 Qf2 30. Qd4 Qe2 31. Qd2 Qe6 32. Qd3 h5 33.
Qe4 Qb6 34. Kc2 g6 35. Rd7 Qf2+ 36. Rd2 Qg1 37. Qxb7 Ra1 38. Qe7 Qc1+ 39. Kd3
Ra6 40. Qe8+ Kg7 41. Qe5+ Kh7 42. c5 Re6 43. Qd4 Kg8 44. Qc3 Qb1+ 45. Kc4 Re8
46. b4 h4 47. b5 Qa2+ 48. b3 Qb1 49. b6 Qf1+ 50. Kb4 Re1 51. Rd8+ 1-0

[Event "DEN-ch"]
[Site "Denmark"]
[Date "1992.??.??"]
[Round "1"]
[White "Nielsen, Peter Heine"]
[Black "Rasmussen, Karsten"]
[Result "1/2-1/2"]
[WhiteElo "2405"]
[BlackElo "2450"]
[PlyCount "41"]
[EventDate "1992.04.??"]
[EventType "tourn"]
[EventRounds "9"]
[EventCountry "DEN"]
[EventCategory "8"]
[Source "ChessBase"]
[SourceDate "1994.03.01"]

1. e4 c6 2. d4 d5 3. exd5 cxd5 4. Bd3 Nc6 5. c3 Nf6 6. Bf4 Bg4 7. Qb3 Qd7 8.
Nd2 e6 9. Ngf3 Bxf3 10. Nxf3 Bd6 11. Bxd6 Qxd6 12. O-O O-O 13. Rae1 Rab8 14.
Ne5 b5 15. a3 a5 16. f4 b4 17. axb4 axb4 18. Qd1 bxc3 19. bxc3 g6 20. Re3 Ne7
21. Rh3 1/2-1/2

[Event "DEN-ch"]
[Site "Denmark"]
[Date "1992.??.??"]
[Round "7"]
[White "Nielsen, Peter Heine"]
[Black "Schandorff, Lars"]
[Result "1/2-1/2"]
[WhiteElo "2405"]
[BlackElo "2435"]
[PlyCount "27"]
[EventDate "1992.04.??"]
[EventType "tourn"]
[EventRounds "9"]
[EventCountry "DEN"]
[EventCategory "8"]
[Source "ChessBase"]
[SourceDate "1994.03.01"]

1. e4 e5 2. Nf3 Nc6 3. Nc3 Nf6 4. d4 exd4 5. Nxd4 Bb4 6. Nxc6 bxc6 7. Bd3 d5 8.
exd5 cxd5 9. O-O O-O 10. Bg5 c6 11. Na4 Be6 12. c3 Be7 13. Re1 Qc7 14. Qf3
1/2-1/2

[Event "DEN-ch"]
[Site "Denmark"]
[Date "1992.??.??"]
[Round "9"]
[White "Rasmussen, Karsten"]
[Black "Hansen, Lars Bo"]
[Result "1-0"]
[WhiteElo "2450"]
[BlackElo "2530"]
[PlyCount "101"]
[EventDate "1992.04.??"]
[EventType "tourn"]
[EventRounds "9"]
[EventCountry "DEN"]
[EventCategory "8"]
[Source "ChessBase"]
[SourceDate "1994.03.01"]

1. c4 e5 2. g3 Nf6 3. Bg2 d5 4. cxd5 Nxd5 5. Nc3 Nb6 6. d3 Be7 7. Be3 O-O 8.
Rc1 Re8 9. Nf3 Nc6 10. O-O Bf8 11. a3 Nd4 12. Ne4 a5 13. Nc5 Nf5 14. Bd2 c6 15.
e4 Nd4 16. Nxd4 exd4 17. f4 Nd7 18. Nxd7 Bxd7 19. g4 c5 20. g5 Ra6 21. f5 b5
22. Qh5 c4 23. Rf3 g6 24. Qh4 cxd3 25. Rcf1 gxf5 26. Rh3 h6 27. exf5 Re2 28.
Rg3 Kh8 29. Qxd4+ f6 30. Qxd3 Qb6+ 31. Kh1 Rxg2 32. Rxg2 Bc6 33. gxh6 Qb7 34.
Rfg1 Qf7 35. Bc3 Ra8 36. Qd4 Bxh6 37. Qd6 Bd5 38. h4 Rg8 39. Kh2 Bxg2 40. Qxf6+
Qxf6 41. Bxf6+ Kh7 42. Rxg2 Rf8 43. Rg6 Rc8 44. Kh3 Rc4 45. Be5 Bf4 46. Re6 b4
47. Re7+ Kh6 48. Bf6 bxa3 49. bxa3 Rc8 50. Kg4 Bd6 51. Bg5# 1-0

[Event "DEN-ch"]
[Site "Denmark"]
[Date "1992.??.??"]
[Round "2"]
[White "Rasmussen, Karsten"]
[Black "Danielsen, Henrik"]
[Result "1/2-1/2"]
[WhiteElo "2450"]
[BlackElo "2415"]
[PlyCount "81"]
[EventDate "1992.04.??"]
[EventType "tourn"]
[EventRounds "9"]
[EventCountry "DEN"]
[EventCategory "8"]
[Source "ChessBase"]
[SourceDate "1994.03.01"]

1. c4 e6 2. Nf3 Nf6 3. g3 b6 4. Bg2 Bb7 5. O-O Be7 6. b3 O-O 7. Bb2 d5 8. e3
Nbd7 9. Nc3 c5 10. Qe2 Ne4 11. cxd5 Nxc3 12. Bxc3 Bxd5 13. Rfd1 Rc8 14. Rac1
Rc7 15. e4 Bb7 16. d4 cxd4 17. Nxd4 Ba3 18. Rc2 Qe7 19. Nb5 Ba6 20. Qg4 f5 21.
exf5 Bxb5 22. Bxg7 exf5 23. Bxf8+ fxg4 24. Bxe7 Rxc2 25. Bxa3 Rxa2 26. Bd6 Be2
27. Re1 Nf6 28. h3 h5 29. hxg4 hxg4 30. Bf1 Bxf1 31. Kxf1 Ra5 32. Re7 Rd5 33.
Bb8 a5 34. Re6 Nd7 35. Rd6 Rxd6 36. Bxd6 Kf7 37. Ke2 Ke6 38. Bc7 Nc5 39. Bxb6
Nxb3 40. Bxa5 Nxa5 41. f3 1/2-1/2

[Event "DEN-ch"]
[Site "Denmark"]
[Date "1992.??.??"]
[Round "5"]
[White "Rasmussen, Karsten"]
[Black "Kristiansen, Jens"]
[Result "1-0"]
[WhiteElo "2450"]
[BlackElo "2415"]
[PlyCount "53"]
[EventDate "1992.04.??"]
[EventType "tourn"]
[EventRounds "9"]
[EventCountry "DEN"]
[EventCategory "8"]
[Source "ChessBase"]
[SourceDate "1994.03.01"]

1. c4 e5 2. g3 d6 3. Nc3 g6 4. d4 Nd7 5. e3 Bg7 6. Bg2 Ngf6 7. Nge2 O-O 8. b3
Re8 9. O-O e4 10. Qc2 Qe7 11. g4 Nxg4 12. Qxe4 Qxe4 13. Nxe4 Nf8 14. Ba3 Ne6
15. Rac1 f5 16. N4c3 Nf6 17. c5 dxc5 18. d5 Ng5 19. Nb5 Re7 20. Rxc5 Ne8 21.
Rfc1 Ne4 22. Rxc7 Rxc7 23. Nxc7 Nxc7 24. Rxc7 b6 25. d6 Be6 26. Nf4 Bf7 27. d7
1-0

[Event "DEN-ch"]
[Site "Denmark"]
[Date "1992.??.??"]
[Round "7"]
[White "Rasmussen, Karsten"]
[Black "Hansen, Sune Berg"]
[Result "0-1"]
[WhiteElo "2450"]
[BlackElo "2370"]
[PlyCount "88"]
[EventDate "1992.04.??"]
[EventType "tourn"]
[EventRounds "9"]
[EventCountry "DEN"]
[EventCategory "8"]
[Source "ChessBase"]
[SourceDate "1994.03.01"]

1. c4 g6 2. Nc3 Bg7 3. d4 Nf6 4. e4 d6 5. Nge2 c6 6. Ng3 a6 7. a4 a5 8. Be2 e5
9. d5 Na6 10. h4 h5 11. Ra3 Nd7 12. Bg5 Bf6 13. dxc6 bxc6 14. Qxd6 Nb4 15. Qd2
Bxg5 16. hxg5 Nc5 17. Na2 Qxd2+ 18. Kxd2 Ke7 19. Kc3 Rb8 20. Nc1 Rd8 21. Nb3
Nxb3 22. Rxb3 Rd4 23. f3 Be6 24. Rd1 Bxc4 25. Rxd4 Bxb3 26. Rd2 Na2+ 27. Kd3
Bxa4 28. Kc4 Nc1 29. Bd1 Rb4+ 30. Kc5 Bxd1 31. Rxd1 Nb3+ 32. Kxc6 Nd4+ 33. Kd5
Rb5+ 34. Kc4 Rxb2 35. Nf1 Rxg2 36. f4 Nf3 37. Ne3 Rd2 38. Rf1 Rd4+ 39. Kc5 Nd2
40. Re1 Nxe4+ 41. Kc6 exf4 42. Nd5+ Ke6 43. Nxf4+ Kf5 44. Ne2 Rd2 0-1

[Event "DEN-ch"]
[Site "Denmark"]
[Date "1992.??.??"]
[Round "4"]
[White "Schandorff, Lars"]
[Black "Rasmussen, Karsten"]
[Result "0-1"]
[WhiteElo "2435"]
[BlackElo "2450"]
[PlyCount "69"]
[EventDate "1992.04.??"]
[EventType "tourn"]
[EventRounds "9"]
[EventCountry "DEN"]
[EventCategory "8"]
[Source "ChessBase"]
[SourceDate "1994.03.01"]

1. d4 d5 2. c4 c6 3. Nf3 Nf6 4. Nc3 e6 5. cxd5 exd5 6. Bg5 Bf5 7. Qb3 Nbd7 8.
Qxb7 Rb8 9. Qxc6 Rxb2 10. g4 Bxg4 11. Bg2 Rb6 12. Qa4 Bb4 13. Rc1 Qc7 14. Bd2
Ne4 15. Ne5 Nxd2 16. Kxd2 O-O 17. Nxg4 Qf4+ 18. Kd3 Nc5+ 19. dxc5 Qc4+ 20. Ke3
Re6+ 21. Kf3 h5 22. e4 hxg4+ 23. Kg3 Qd3+ 24. f3 gxf3 25. Qd1 Rg6+ 26. Kf4 Rf6+
27. Kg3 Qe3 28. Bxf3 Bxc3 29. exd5 Qxc5 30. Qd3 Rg6+ 31. Bg4 Be5+ 32. Kf3 Rf6+
33. Bf5 Qb4 34. Qe4 Qa3+ 35. Qd3 0-1

[Event "DEN-ch"]
[Site "Denmark"]
[Date "1992.??.??"]
[Round "6"]
[White "Schandorff, Lars"]
[Black "Kristiansen, Jens"]
[Result "0-1"]
[WhiteElo "2435"]
[BlackElo "2415"]
[PlyCount "64"]
[EventDate "1992.04.??"]
[EventType "tourn"]
[EventRounds "9"]
[EventCountry "DEN"]
[EventCategory "8"]
[Source "ChessBase"]
[SourceDate "1994.03.01"]

1. d4 Nf6 2. c4 g6 3. Nc3 Bg7 4. e4 d6 5. f3 O-O 6. Be3 e5 7. Nge2 c6 8. Qd2
exd4 9. Nxd4 Re8 10. Be2 d5 11. exd5 cxd5 12. c5 Nc6 13. Bf2 Nh5 14. O-O Be5
15. g3 Bh3 16. Rfe1 Qd7 17. f4 Bg7 18. Bxh5 gxh5 19. Nxc6 bxc6 20. Bd4 Qg4 21.
Kf2 h4 22. Bxg7 Qxg7 23. Rxe8+ Rxe8 24. Re1 hxg3+ 25. hxg3 Rb8 26. Re5 f6 27.
Re3 a5 28. Ne2 Qf8 29. Qxa5 Rxb2 30. Rb3 Rc2 31. Qc7 Bg4 32. Re3 d4 0-1

[Event "DEN-ch"]
[Site "Denmark"]
[Date "1992.??.??"]
[Round "2"]
[White "Schandorff, Lars"]
[Black "Hoi, Carsten"]
[Result "1/2-1/2"]
[WhiteElo "2435"]
[BlackElo "2445"]
[PlyCount "20"]
[EventDate "1992.04.??"]
[EventType "tourn"]
[EventRounds "9"]
[EventCountry "DEN"]
[EventCategory "8"]
[Source "ChessBase"]
[SourceDate "1994.03.01"]

1. c4 Nf6 2. d4 g6 3. Nc3 Bg7 4. e4 d6 5. Be2 O-O 6. Bg5 Na6 7. Qd2 e5 8. d5
Bd7 9. Bd3 Nc5 10. Bc2 a5 1/2-1/2